[Event "Kiev Independence Cup-A 10th"]
[Site "Kiev"]
[Date "2010.08.22"]
[Round "11"]
[White "Sergienko, Vladislav"]
[Black "Kosikov, Alexey I"]
[Result "0-1"]
[WhiteElo "2039"]
[BlackElo "2407"]
[PlyCount "167"]
[EventDate "2010.08.12"]
[EventType "swiss"]
[EventRounds "11"]
[EventCountry "UKR"]
[SourceTitle "CBM 138 Extra"]
[Source "ChessBase"]
[SourceDate "2010.10.29"]
[SourceVersion "1"]
[SourceVersionDate "2010.10.29"]
[SourceQuality "1"]

1. Nf3 d5 2. c4 c6 3. g3 Nf6 4. Bg2 Bf5 5. 0-0 e6 6. cxd5 exd5 7. d3 Be7 8. Nc3 0-0 9. Bf4 Nbd7 10. Re1 Nc5 11. Nd4 Bg6 12. e4 dxe4 13. dxe4 Qb6 14. Nf5 Bxf5 15. exf5 Rfd8 16. Qc2 Bf8 17. Rad1 h6 18. a3 Rxd1 19. Rxd1 Rd8 20. b4 Rxd1+ 21. Qxd1 Ncd7 22. g4 Qa6 23. Nb1 Qc4 24. Be3 Nxg4 25. Qxd7 Nxe3 26. fxe3 Qc1+ 27. Kf2 Qxb1 28. Qxb7 Qxf5+ 29. Kg1 Qb1+ 30. Bf1 a5 31. Qxc6 axb4 32. axb4 Qxb4 33. Qf3 Qc5 34. Bd3 g6 35. Bf1 h5 36. Be2 Bd6 37. h3 Qe5 38. Bc4 Qe7 39. Kf1 Kg7 40. Ke2 Be5 41. Qd5 Bf6 42. Kd3 Qc7 43. Ke2 Be5 44. Kd3 Qe7 45. Ke2 Bd6 46. Kd3 Bc5 47. Qe4 Qf8 48. Qf4 Qe7 49. Qe4 Qf6 50. Qf4 Qd8+ 51. Ke2 Qe7 52. Qf3 Bd6 53. Qd5 Be5 54. Bb3 Bf6 55. Bc4 Bg5 56. Qd4+ Kh7 57. Bd5 Qd7 58. Qe4 Kg7 59. Qf3 Qb5+ 60. Kf2 Qb2+ 61. Qe2 Qe5 62. Bf3 Bh4+ 63. Kf1 Qf5 64. Kg2 Qg5+ 65. Kh1 Bg3 66. Bg2 Bd6 67. Kg1 Bc5 68. Kf2 Qe5 69. Qf3 Qb2+ 70. Qe2 Qc3 71. Qe1 Qf6+ 72. Ke2 Qe5 73. Qd2 Qg3 74. Bf3 Qh2+ 75. Kd3 Qxh3 76. Qc3+ Kg8 77. Qf6 Qf1+ 78. Kc2 Qc4+ 79. Kb2 Bxe3 80. Qd8+ Kg7 81. Bd5 Bd4+ 82. Kb1 Qd3+ 83. Ka2 Qc2+ 84. Ka3 0-1

[Event "Kiev Independence Cup-A 10th"]
[Site "Kiev"]
[Date "2010.08.19"]
[Round "8"]
[White "Grinev, Valeriy"]
[Black "Kosikov, Alexey I"]
[Result "0-1"]
[WhiteElo "2336"]
[BlackElo "2407"]
[PlyCount "74"]
[EventDate "2010.08.12"]
[EventType "swiss"]
[EventRounds "11"]
[EventCountry "UKR"]
[SourceTitle "CBM 138 Extra"]
[Source "ChessBase"]
[SourceDate "2010.10.29"]
[SourceVersion "1"]
[SourceVersionDate "2010.10.29"]
[SourceQuality "1"]

1. Nf3 d5 2. d4 c6 3. c4 Nf6 4. Nc3 dxc4 5. a4 Bf5 6. Ne5 e6 7. g3 Be4 8. f3 Bg6 9. e4 Nbd7 10. Nxc4 Be7 11. Be2 0-0 12. Be3 Ne8 13. 0-0 Nd6 14. a5 a6 15. Nxd6 Bxd6 16. f4 Re8 17. Bc4 Kh8 18. g4 f6 19. Qb3 Qe7 20. f5 exf5 21. gxf5 Bh5 22. Qxb7 c5 23. Be6 cxd4 24. Bxd4 Bc5 25. Ra4 Ra7 26. Qd5 Bxd4+ 27. Rxd4 Ne5 28. Kg2 Qc7 29. h3 Raa8 30. Rb4 Rab8 31. Rxb8 Rxb8 32. Rf2 Rd8 33. Qb3 Qxa5 34. Bd5 Nd3 35. Rf1 Qc7 36. Qb7 Nf4+ 37. Kh1 Nxd5 0-1

[Event "Kiev Independence Cup-A 9th"]
[Site "Kiev"]
[Date "2009.08.20"]
[Round "8"]
[White "Kosikov, Alexey I"]
[Black "Pavlov, Sergey1"]
[Result "0-1"]
[WhiteElo "2427"]
[BlackElo "2479"]
[PlyCount "92"]
[EventDate "2009.08.13"]
[EventType "swiss"]
[EventRounds "11"]
[EventCountry "UKR"]
[SourceTitle "CBM 131 Extra"]
[Source "ChessBase"]
[SourceDate "2009.09.03"]
[SourceVersion "2"]
[SourceVersionDate "2009.09.16"]
[SourceQuality "1"]

1. e4 Nf6 2. Nc3 d5 3. e5 Nfd7 4. Nxd5 Nxe5 5. Ne3 Nbc6 6. Bb5 a6 7. Ba4 b5 8. Bb3 e6 9. Ne2 Bc5 10. 0-0 0-0 11. f4 Ng6 12. c3 e5 13. fxe5 Bxe3+ 14. dxe3 Ncxe5 15. Qxd8 Rxd8 16. e4 Bb7 17. Ng3 c5 18. Be3 c4 19. Bc2 Nd3 20. b3 Nge5 21. Bd4 Nc6 22. Bb6 Rd7 23. bxc4 bxc4 24. Rab1 Re8 25. Ba4 Re6 26. Be3 Rc7 27. h3 f6 28. Rb6 Nd8 29. Rfb1 g6 30. Bd4 Ne5 31. Kh2 Kg7 32. Bc2 Nd3 33. a4 Bc8 34. Rxe6 Nxe6 35. Bb6 Rd7 36. a5 Bb7 37. Bd4 Bc6 38. Rb6 Nxd4 39. cxd4 Bb5 40. Ne2 Nb4 41. Bb1 Nc6 42. e5 fxe5 43. dxe5 Nxa5 44. Be4 Re7 45. e6 Nb3 46. Nc3 Nd4 0-1

[Event "Kiev Independence Cup-A 9th"]
[Site "Kiev"]
[Date "2009.08.16"]
[Round "4"]
[White "Sivuk, Vitaly"]
[Black "Kosikov, Alexey I"]
[Result "1-0"]
[WhiteElo "2346"]
[BlackElo "2427"]
[PlyCount "77"]
[EventDate "2009.08.13"]
[EventType "swiss"]
[EventRounds "11"]
[EventCountry "UKR"]
[SourceTitle "CBM 131 Extra"]
[Source "ChessBase"]
[SourceDate "2009.09.03"]
[SourceVersion "2"]
[SourceVersionDate "2009.09.16"]
[SourceQuality "1"]

1. e4 Nf6 2. e5 Nd5 3. d4 d6 4. Nf3 Bg4 5. Be2 c6 6. c4 Nb6 7. Nbd2 Bxf3 8. Nxf3 dxe5 9. Nxe5 N8d7 10. Nf3 e6 11. 0-0 Be7 12. Qb3 Qc7 13. Be3 0-0 14. Rfd1 Rfd8 15. Rac1 c5 16. Qc2 Rac8 17. b3 a6 18. Ng5 Nf8 19. Ne4 cxd4 20. Bxd4 Ba3 21. Rb1 Nd5 22. Bf1 e5 23. Ba1 Nb4 24. Qe2 Ne6 25. Qg4 Nc6 26. Nf6+ Kh8 27. Nd5 Qb8 28. Bd3 Ncd4 29. Qh5 g6 30. Qh4 Rc6 31. b4 b5 32. Ne7 Rcd6 33. c5 Nxc5 34. Bxd4 exd4 35. bxc5 Bxc5 36. Rbc1 Ba3 37. Nc6 Qc7 38. Nxd8 Bxc1 39. Nxf7+ 1-0

[Event "Stepichev Memorial 13th"]
[Site "Kiev"]
[Date "2006.01.17"]
[Round "11"]
[White "Kosikov, Alexey I"]
[Black "Nikolaev, Leonid"]
[Result "1-0"]
[WhiteElo "2427"]
[BlackElo "2314"]
[PlyCount "112"]
[EventDate "2006.01.08"]
[EventType "tourn"]
[EventRounds "11"]
[EventCountry "UKR"]
[EventCategory "2"]
[SourceTitle "CBM 110 Extra"]
[Source "ChessBase"]
[SourceDate "2006.03.10"]
[SourceVersion "2"]
[SourceVersionDate "2006.03.10"]
[SourceQuality "1"]

1. e4 c5 2. Nf3 Nc6 3. Bb5 g6 4. Bxc6 bxc6 5. 0-0 Bg7 6. d3 d6 7. h3 f6 8. Be3 Nh6 9. Nbd2 0-0 10. a3 f5 11. Bxh6 Bxh6 12. e5 Rb8 13. b3 d5 14. Re1 e6 15. d4 cxd4 16. b4 a5 17. Nxd4 Qc7 18. c3 c5 19. bxc5 Qxc5 20. N2b3 Qc7 21. a4 Bd7 22. Qd3 Rfc8 23. Qg3 Bg7 24. Re3 Qd8 25. h4 Kf7 26. f4 Rc4 27. h5 gxh5 28. Nd2 Rcc8 29. Qh2 h4 30. N2f3 Qb6 31. Qxh4 h6 32. Qh5+ Kg8 33. Kh1 Qb2 34. Rg1 Qf2 35. Rd3 Qg3 36. Ne2 Qg4 37. Qh2 Rb2 38. Nfd4 Rxe2 39. Rg3 Re4 40. Rxg4 fxg4 41. Qg3 h5 42. Rb1 Rf8 43. Qh4 Rexf4 44. Qxh5 g3 45. Kg1 Re4 46. Qg5 Rxe5 47. Qxg3 Rh5 48. Rb7 Rf7 49. Qg6 Rh6 50. Rb8+ Rf8 51. Rxf8+ Kxf8 52. Qg4 Rf6 53. Nf3 Bh6 54. Qd4 Bg7 55. Qc5+ Ke8 56. Ne5 Bxa4 1-0

[Event "Stepichev Memorial 13th"]
[Site "Kiev"]
[Date "2006.01.15"]
[Round "9"]
[White "Baryshpolets, Andrey"]
[Black "Kosikov, Alexey I"]
[Result "0-1"]
[WhiteElo "2218"]
[BlackElo "2427"]
[PlyCount "80"]
[EventDate "2006.01.08"]
[EventType "tourn"]
[EventRounds "11"]
[EventCountry "UKR"]
[EventCategory "2"]
[SourceTitle "CBM 110 Extra"]
[Source "ChessBase"]
[SourceDate "2006.03.10"]
[SourceVersion "2"]
[SourceVersionDate "2006.03.10"]
[SourceQuality "1"]

1. Nf3 Nf6 2. c4 g6 3. Nc3 Bg7 4. d4 d6 5. g3 0-0 6. Bg2 c6 7. 0-0 Bf5 8. h3 Ne4 9. Nxe4 Bxe4 10. Re1 d5 11. Qb3 Qb6 12. Qxb6 axb6 13. cxd5 Bxd5 14. a3 Bxf3 15. Bxf3 Bxd4 16. Rd1 Be5 17. Bf4 Bxf4 18. gxf4 e6 19. Rd4 Na6 20. Rad1 Rac8 21. e3 b5 22. Be2 Nc5 23. b4 Na4 24. Rd7 Rb8 25. R1d4 Nb6 26. R7d6 Ra8 27. Rd3 Rfe8 28. e4 Kf8 29. Bg4 Nc4 30. Rd7 Re7 31. Rd8+ Rxd8 32. Rxd8+ Kg7 33. Ra8 Nd2 34. e5 Nc4 35. Ra7 Nb6 36. Bf3 Rd7 37. Kf1 Kf8 38. Ke1 Ke7 39. Ke2 Kd8 40. Ke1 Kc8 0-1

[Event "Kiev Chess Union-ch"]
[Site "Kiev"]
[Date "2005.10.18"]
[Round "11"]
[White "Kruglyakov, Pavlo"]
[Black "Kosikov, Alexey I"]
[Result "0-1"]
[WhiteElo "2242"]
[BlackElo "2427"]
[PlyCount "70"]
[EventDate "2005.10.08"]
[EventType "tourn"]
[EventRounds "11"]
[EventCountry "UKR"]
[EventCategory "4"]
[SourceTitle "CBM 108 Extra"]
[Source "ChessBase"]
[SourceDate "2005.11.04"]
[SourceVersion "1"]
[SourceVersionDate "2005.11.04"]
[SourceQuality "1"]

1. e4 e6 2. d4 d5 3. Nc3 Bb4 4. e5 c5 5. a3 Bxc3+ 6. bxc3 Qc7 7. Nf3 Ne7 8. a4 Nbc6 9. Ba3 cxd4 10. cxd4 Qa5+ 11. Qd2 Qxd2+ 12. Kxd2 Nf5 13. c3 Na5 14. Bb5+ Bd7 15. Kd3 Bxb5+ 16. axb5 Nc4 17. Bc5 Kd7 18. Nd2 b6 19. Bb4 Nxd2 20. Kxd2 Kc7 21. Ra2 Kb7 22. Rha1 h5 23. h3 h4 24. Ke2 Rhc8 25. Ra6 Rc4 26. R1a4 f6 27. exf6 gxf6 28. Kf3 Ng7 29. Be7 Rc7 30. Bd6 Rxc3+ 31. Kg4 Nf5 32. Bf4 Rc4 33. Ra1 Rxd4 34. Rc1 Rg8+ 35. Kf3 e5 0-1

[Event "Kiev Chess Union-ch"]
[Site "Kiev"]
[Date "2005.10.11"]
[Round "4"]
[White "Solomaha, Andrey"]
[Black "Kosikov, Alexey I"]
[Result "0-1"]
[WhiteElo "2368"]
[BlackElo "2427"]
[PlyCount "42"]
[EventDate "2005.10.08"]
[EventType "tourn"]
[EventRounds "11"]
[EventCountry "UKR"]
[EventCategory "4"]
[SourceTitle "CBM 108 Extra"]
[Source "ChessBase"]
[SourceDate "2005.11.04"]
[SourceVersion "1"]
[SourceVersionDate "2005.11.04"]
[SourceQuality "1"]

1. e4 e6 2. d3 d5 3. Nd2 Nf6 4. g3 Nc6 5. Bg2 Be7 6. Ngf3 dxe4 7. dxe4 e5 8. 0-0 a5 9. b3 Be6 10. Ng5 Bg4 11. Bf3 Bc8 12. Be2 Nd4 13. Bc4 0-0 14. c3 Bg4 15. f3 Bh5 16. Kg2 Nc6 17. Qc2 Nd7 18. Nh3 Nb6 19. Bb5 Nb8 20. Nc4 c6 21. Rd1 N6d7 0-1

[Event "Sakharov Memorial 4th"]
[Site "Kiev"]
[Date "2005.07.12"]
[Round "9"]
[White "Nikolaev, Leonid"]
[Black "Kosikov, Alexey I"]
[Result "0-1"]
[WhiteElo "2314"]
[BlackElo "2427"]
[PlyCount "76"]
[EventDate "2005.07.04"]
[EventType "tourn"]
[EventRounds "11"]
[EventCountry "UKR"]
[EventCategory "2"]
[SourceTitle "EXT 2006"]
[Source "ChessBase"]
[SourceDate "2005.11.24"]
[SourceVersion "1"]
[SourceVersionDate "2005.11.24"]
[SourceQuality "1"]

1. c4 e5 2. Nc3 Nf6 3. g3 Bb4 4. Bg2 Bxc3 5. bxc3 0-0 6. e4 c6 7. Ne2 d5 8. exd5 cxd5 9. cxd5 Nxd5 10. 0-0 Nc6 11. h3 Re8 12. Bb2 Nb6 13. Qc2 Be6 14. d3 Qd7 15. Kh2 Rad8 16. Rfd1 Bd5 17. f3 Ne7 18. Ng1 Bc6 19. Qe2 Ba4 20. Re1 Nc6 21. Bf1 h6 22. Qf2 Qf5 23. Re4 Nb8 24. d4 exd4 25. Bd3 Qa5 26. cxd4 Bc6 27. d5 Rxd5 28. Rxe8+ Bxe8 29. Re1 Bc6 30. Bb1 N8d7 31. Bc1 Nf8 32. Ne2 Re5 33. Bb2 Re8 34. Rd1 Nc4 35. Bc1 Ne6 36. Nf4 Ng5 37. h4 Nxf3+ 38. Kh3 Re1 0-1

[Event "Sakharov Memorial 4th"]
[Site "Kiev"]
[Date "2005.07.08"]
[Round "5"]
[White "Evchin, Maxim"]
[Black "Kosikov, Alexey I"]
[Result "1/2-1/2"]
[WhiteElo "2256"]
[BlackElo "2427"]
[PlyCount "26"]
[EventDate "2005.07.04"]
[EventType "tourn"]
[EventRounds "11"]
[EventCountry "UKR"]
[EventCategory "2"]
[SourceTitle "EXT 2006"]
[Source "ChessBase"]
[SourceDate "2005.11.24"]
[SourceVersion "1"]
[SourceVersionDate "2005.11.24"]
[SourceQuality "1"]

1. e4 e5 2. Nf3 Nc6 3. Nc3 Nf6 4. Bb5 Nd4 5. Nxd4 exd4 6. e5 dxc3 7. exf6 Qxf6 8. dxc3 Qe5+ 9. Qe2 Qxe2+ 10. Kxe2 c6 11. Bd3 d5 12. Re1 Be7 13. Kf1 Be6 1/2-1/2

[Event "Kiev Independence Cup-A 4th"]
[Site "Kiev"]
[Date "2004.08.20"]
[Round "10"]
[White "Kosikov, Alexey I"]
[Black "Simantsev, Mikhail"]
[Result "0-1"]
[WhiteElo "2431"]
[BlackElo "2371"]
[PlyCount "142"]
[EventDate "2004.08.11"]
[EventType "swiss"]
[EventRounds "11"]
[EventCountry "UKR"]
[SourceTitle "EXT 2005"]
[Source "ChessBase"]
[SourceDate "2004.11.15"]
[SourceVersion "1"]
[SourceVersionDate "2004.11.15"]
[SourceQuality "1"]

1. e4 c5 2. Nf3 e6 3. c4 d6 4. Nc3 Nf6 5. d4 cxd4 6. Nxd4 a6 7. Be2 Be7 8. 0-0 0-0 9. Be3 Qc7 10. Rc1 b6 11. f3 Bb7 12. Kh1 Nbd7 13. Qd2 Rac8 14. Rfd1 Rfe8 15. Bf1 Qb8 16. a3 Bd8 17. b4 Bc7 18. Nde2 Ne5 19. Ng3 h6 20. Qf2 Ned7 21. Bd4 Ba8 22. Rb1 Bb7 23. a4 Bd8 24. Rdc1 h5 25. Be2 h4 26. Nf1 Nh5 27. Be3 g6 28. c5 dxc5 29. bxc5 Bf6 30. Nd1 Nxc5 31. a5 Nf4 32. Rxc5 bxc5 33. Bxa6 Bxa6 34. Rxb8 Nd3 35. Qc2 Rxb8 36. f4 Red8 37. e5 Be7 38. Nd2 Ne1 39. Qa4 Bb5 40. Qe4 Nd3 41. h3 Nb4 42. Nf2 Nd5 43. Ng4 Nxe3 44. Qxe3 Rd3 45. Qf2 Bc6 46. Nf1 Rb1 47. Kh2 Rdd1 48. Nge3 Re1 49. a6 c4 50. Qd2 Ra1 51. a7 Reb1 52. Qc2 Rb7 53. Qxc4 Bd7 54. Ng4 Raxa7 55. Nfe3 Ra4 56. Qc1 Kg7 57. Nd5 Ba3 58. Qe3 exd5 59. f5 Rxg4 60. f6+ Kg8 61. Qxa3 Rgb4 62. Qa8+ Rb8 63. Qxd5 Be6 64. Qd2 Kh7 65. Qd6 g5 66. Qc7 Kh6 67. Qd6 Kg6 68. Qd3+ Bf5 69. Qd1 Rb2 70. Qf3 Rd8 71. e6 Bxe6 0-1

[Event "Sakharov Memorial 3rd"]
[Site "Kiev"]
[Date "2004.07.27"]
[Round "11"]
[White "Kosikov, Alexey I"]
[Black "Kirichenko, Vitaly"]
[Result "1-0"]
[WhiteElo "2427"]
[BlackElo "2306"]
[PlyCount "75"]
[EventDate "2004.07.18"]
[EventType "tourn"]
[EventRounds "11"]
[EventCountry "UKR"]
[SourceTitle "EXT 2008"]
[Source "ChessBase"]
[SourceDate "2007.11.25"]
[SourceVersion "1"]
[SourceVersionDate "2007.11.25"]
[SourceQuality "1"]

1. e4 c5 2. Nf3 d6 3. Bb5+ Bd7 4. Bxd7+ Qxd7 5. c4 Nc6 6. d4 cxd4 7. Nxd4 g6 8. Nc3 Bg7 9. Be3 Nf6 10. f3 0-0 11. Qd2 Qd8 12. 0-0 Nxd4 13. Bxd4 Nd7 14. Bxg7 Kxg7 15. Kh1 Qa5 16. b3 a6 17. a4 Rfc8 18. Rad1 f6 19. Qb2 Qd8 20. f4 Rc5 21. Rf3 Rac8 22. h3 Qg8 23. Qd2 Qe6 24. Ne2 Nf8 25. Nd4 Qf7 26. a5 e5 27. Ne2 Ne6 28. Rd3 R5c6 29. fxe5 fxe5 30. Rxd6 Nc5 31. Rxc6 Rxc6 32. Qe3 Ne6 33. Kg1 Rc5 34. Rd5 Qc7 35. Qd2 Kf6 36. Kh1 h5 37. Rd7 Qc6 38. Nc3 1-0

[Event "Sakharov Memorial 3rd"]
[Site "Kiev"]
[Date "2004.07.25"]
[Round "8"]
[White "Zakharchenko, Arnold"]
[Black "Kosikov, Alexey I"]
[Result "1/2-1/2"]
[WhiteElo "2339"]
[BlackElo "2427"]
[PlyCount "66"]
[EventDate "2004.07.18"]
[EventType "tourn"]
[EventRounds "11"]
[EventCountry "UKR"]
[SourceTitle "EXT 2008"]
[Source "ChessBase"]
[SourceDate "2007.11.25"]
[SourceVersion "1"]
[SourceVersionDate "2007.11.25"]
[SourceQuality "1"]

1. d4 c5 2. d5 Nf6 3. c4 b5 4. cxb5 a6 5. bxa6 g6 6. Nc3 Bxa6 7. g3 d6 8. Bg2 Bg7 9. Nf3 Nbd7 10. Rb1 Nb6 11. b3 0-0 12. 0-0 Bb7 13. e4 Ne8 14. Qc2 Nc7 15. b4 cxb4 16. Rxb4 Na6 17. Rb1 Nc5 18. Be3 Ba6 19. Bxc5 dxc5 20. Nb5 Bxb5 21. Rxb5 Na4 22. Qc4 Nc3 23. Rxc5 Ra4 24. Qb3 Nxe4 25. Qxa4 Nxc5 26. Qc4 Nd7 27. Nd4 Nb6 28. Qc5 Bxd4 29. Qxd4 Qd6 30. Rc1 Rd8 31. Qe3 Nxd5 32. Bxd5 Qxd5 33. Qxe7 Ra8 1/2-1/2

[Event "Sakharov Memorial 3rd"]
[Site "Kiev"]
[Date "2004.07.20"]
[Round "3"]
[White "Kosikov, Alexey I"]
[Black "Stopkin, Vladimir"]
[Result "1-0"]
[WhiteElo "2427"]
[BlackElo "2278"]
[PlyCount "119"]
[EventDate "2004.07.18"]
[EventType "tourn"]
[EventRounds "11"]
[EventCountry "UKR"]
[SourceTitle "EXT 2008"]
[Source "ChessBase"]
[SourceDate "2007.11.25"]
[SourceVersion "1"]
[SourceVersionDate "2007.11.25"]
[SourceQuality "1"]

1. e4 c5 2. Nf3 Nc6 3. Bb5 g6 4. 0-0 Bg7 5. Qe2 Nf6 6. e5 Nd5 7. Qc4 Nc7 8. Bxc6 dxc6 9. Qxc5 Bg4 10. Nd4 0-0 11. Nb3 Qd7 12. Re1 b6 13. Qe3 c5 14. d3 f6 15. h3 Be6 16. exf6 exf6 17. Qg3 Rae8 18. Bd2 f5 19. Nc3 Nd5 20. Nxd5 Bxd5 21. Rxe8 Rxe8 22. c4 Bc6 23. Bc3 Bxc3 24. bxc3 f4 25. Qxf4 Qxd3 26. Rc1 Qe4 27. Qg3 Qxc4 28. Rd1 Qe4 29. Rd6 Rf8 30. Kh2 Bb5 31. Nd2 Qf4 32. f3 Qxg3+ 33. Kxg3 Kf7 34. c4 Ke7 35. Rd3 Bc6 36. Ra3 Ra8 37. Kf4 Kf6 38. Ne4+ Bxe4 39. fxe4 g5+ 40. Ke3 Ke6 41. Ra6 Kd6 42. Ra3 a6 43. Rd3+ Kc6 44. e5 b5 45. Rd6+ Kc7 46. Rd5 Kc6 47. Kd3 Re8 48. Rd6+ Kb7 49. e6 Re7 50. a3 Rg7 51. g4 h6 52. Ke4 bxc4 53. Ke5 c3 54. Rd3 c2 55. Rc3 Kc7 56. Rxc2 Rg8 57. e7 Kd7 58. Kf6 Rc8 59. Kf7 a5 60. Rxc5 1-0

[Event "Sakharov Memorial 3rd"]
[Site "Kiev"]
[Date "2004.07.18"]
[Round "1"]
[White "Kosikov, Alexey I"]
[Black "Solomaha, Andrey"]
[Result "1/2-1/2"]
[WhiteElo "2427"]
[BlackElo "2323"]
[PlyCount "122"]
[EventDate "2004.07.18"]
[EventType "tourn"]
[EventRounds "11"]
[EventCountry "UKR"]
[SourceTitle "EXT 2008"]
[Source "ChessBase"]
[SourceDate "2007.11.25"]
[SourceVersion "1"]
[SourceVersionDate "2007.11.25"]
[SourceQuality "1"]

1. d4 Nf6 2. Nf3 g6 3. Bf4 Bg7 4. e3 d6 5. h3 0-0 6. Be2 c6 7. 0-0 b5 8. c3 Nbd7 9. a4 Qb6 10. Nbd2 Bb7 11. e4 a6 12. Bd3 Nh5 13. Be3 Qc7 14. b4 e5 15. c4 exd4 16. Bxd4 Ne5 17. Bxe5 dxe5 18. axb5 axb5 19. Qb3 Qb6 20. c5 Qc7 21. g3 Qd7 22. Kg2 Rxa1 23. Rxa1 Bc8 24. Ng1 Qd4 25. Ra3 Be6 26. Qb1 f5 27. Ndf3 Qd7 28. Ng5 f4 29. Nxe6 Qxe6 30. Bc2 fxg3 31. fxg3 Qf6 32. Rf3 Qg5 33. Bb3+ Kh8 34. Rxf8+ Bxf8 35. Qe1 Nf4+ 36. Kh1 Nd3 37. Qf1 Qd8 38. Qf7 Bg7 39. h4 Nxb4 40. Nf3 Qf8 41. Nxe5 Qxf7 42. Nxf7+ Kg8 43. Ng5+ Kf8 44. Ne6+ Kf7 45. Kg2 Bc3 46. Kf3 Ke7 47. Ke2 h5 48. Nf4 Kf6 49. Ke3 Be5 50. Kf3 Na6 51. Ne6 Nc7 52. Nd8 Na6 53. Nxc6 Nxc5 54. Bc2 Ne6 55. Bb3 Bc3 56. Bc2 b4 57. Ke3 Nc5 58. e5+ Kf7 59. Nd4 Kg7 60. Bd1 Be1 61. Kf3 Bc3 1/2-1/2

[Event "Kiev Independence Cup-A 3rd"]
[Site "Kiev"]
[Date "2003.08.22"]
[Round "10"]
[White "Kosikov, Alexey I"]
[Black "Sergeev, Vladimir"]
[Result "1/2-1/2"]
[WhiteElo "2428"]
[BlackElo "2451"]
[PlyCount "73"]
[EventDate "2003.08.13"]
[EventType "swiss"]
[EventRounds "11"]
[EventCountry "UKR"]
[SourceTitle "EXT 2004"]
[Source "ChessBase"]
[SourceDate "2003.11.25"]
[SourceVersion "1"]
[SourceVersionDate "2003.11.25"]
[SourceQuality "1"]

1. e4 c6 2. d4 d5 3. Nd2 dxe4 4. Nxe4 Bf5 5. Ng3 Bg6 6. Nh3 e6 7. Nf4 Bd6 8. Ngh5 Bxh5 9. Nxh5 g6 10. Nf4 Nd7 11. g3 Ngf6 12. Bg2 Nd5 13. Nd3 N7b6 14. 0-0 Bf8 15. Qe2 Bg7 16. Nc5 Qc8 17. Bh3 Nc7 18. c3 0-0 19. Bf4 Nd7 20. Ne4 Nd5 21. Bd6 Re8 22. Rfe1 N5f6 23. Ng5 Nf8 24. Rad1 h6 25. Nf3 Qd7 26. Ba3 Rad8 27. Ne5 Qc7 28. Rd3 N6d7 29. Nf3 Nh7 30. Red1 Nhf6 31. Bg2 Bf8 32. Bxf8 Kxf8 33. Ne5 Nxe5 34. dxe5 Rxd3 35. Rxd3 Nd5 36. Bxd5 exd5 37. Qe3 1/2-1/2

[Event "Kiev Independence Cup-A 3rd"]
[Site "Kiev"]
[Date "2003.08.16"]
[Round "4"]
[White "Kosikov, Alexey I"]
[Black "Panchenko, Alexandar G"]
[Result "1/2-1/2"]
[WhiteElo "2428"]
[BlackElo "2402"]
[PlyCount "21"]
[EventDate "2003.08.13"]
[EventType "swiss"]
[EventRounds "11"]
[EventCountry "UKR"]
[SourceTitle "EXT 2004"]
[Source "ChessBase"]
[SourceDate "2003.11.25"]
[SourceVersion "1"]
[SourceVersionDate "2003.11.25"]
[SourceQuality "1"]

1. e4 Nf6 2. Nc3 d5 3. e5 d4 4. exf6 dxc3 5. fxg7 cxd2+ 6. Qxd2 Qxd2+ 7. Bxd2 Bxg7 8. 0-0-0 Nc6 9. Ne2 Bd7 10. Bc3 Bxc3 11. Nxc3 1/2-1/2

[Event "Kiev Independence Cup-A 3rd"]
[Site "Kiev"]
[Date "2003.08.14"]
[Round "2"]
[White "Kosikov, Alexey I"]
[Black "Vovk, Orest"]
[Result "1-0"]
[WhiteElo "2428"]
[BlackElo "2293"]
[PlyCount "71"]
[EventDate "2003.08.13"]
[EventType "swiss"]
[EventRounds "11"]
[EventCountry "UKR"]
[SourceTitle "EXT 2004"]
[Source "ChessBase"]
[SourceDate "2003.11.25"]
[SourceVersion "1"]
[SourceVersionDate "2003.11.25"]
[SourceQuality "1"]

1. e4 Nc6 2. Nf3 d5 3. exd5 Qxd5 4. Nc3 Qa5 5. Bb5 Bd7 6. 0-0 0-0-0 7. d3 a6 8. Ba4 Nd4 9. Bxd7+ Rxd7 10. Nxd4 Rxd4 11. Be3 Rh4 12. Ne4 Nf6 13. Bg5 Rh5 14. Bd2 Qe5 15. Ng3 Rh4 16. Re1 Qd5 17. Qe2 e6 18. c4 Qd8 19. Ne4 Nxe4 20. dxe4 f5 21. exf5 exf5 22. Qe6+ Qd7 23. Qe8+ Qxe8 24. Rxe8+ Kd7 25. Rb8 g6 26. Bc3 Rg8 27. b3 Bg7 28. Rd1+ Kc6 29. Rxg8 Bxc3 30. Re8 b5 31. g3 Rh5 32. Rd5 bxc4 33. bxc4 Bb4 34. Kg2 Bd6 35. f4 Kd7 36. Rg8 1-0

[Event "Sakharov Memorial 2nd"]
[Site "Kiev"]
[Date "2003.07.13"]
[Round "7"]
[White "Dziadyk, Pavel"]
[Black "Kosikov, Alexey I"]
[Result "0-1"]
[WhiteElo "2243"]
[BlackElo "2427"]
[PlyCount "72"]
[EventDate "2003.07.07"]
[EventType "tourn"]
[EventRounds "11"]
[EventCountry "UKR"]
[EventCategory "2"]
[SourceTitle "EXT 2008"]
[Source "ChessBase"]
[SourceDate "2007.11.25"]
[SourceVersion "1"]
[SourceVersionDate "2007.11.25"]
[SourceQuality "1"]

1. d4 Nf6 2. c4 c5 3. d5 b5 4. cxb5 a6 5. b6 Qxb6 6. Nc3 g6 7. a4 d6 8. a5 Qb4 9. Bd2 Bg7 10. Na4 Qb7 11. Nb6 Nxd5 12. Nxa8 Qxa8 13. e4 Nb4 14. Qb1 Bb7 15. f3 0-0 16. Bc4 d5 17. exd5 Bxd5 18. Qc1 Nd7 19. Bxb4 cxb4 20. Bxd5 Qxd5 21. Ne2 Nc5 22. Qd2 Qxd2+ 23. Kxd2 Nb3+ 24. Kc2 Nxa1+ 25. Rxa1 b3+ 26. Kxb3 Rb8+ 27. Kc4 Rxb2 28. Re1 e6 29. Nf4 Bf8 30. Nxe6 fxe6 31. Rxe6 Rc2+ 32. Kb3 Rxg2 33. Rxa6 Rxh2 34. Ra8 Rf2 35. a6 Rxf3+ 36. Kb2 Rf5 0-1